Los intelectuales y sus mitos

محفوظ في:
التفاصيل البيبلوغرافية
المؤلف الرئيسي: Alvarez González, Francisco (مؤلف)
التنسيق: كتاب
اللغة:الإسبانية
منشور في: San José Universidad Autonoma de Centro América 1992
سلاسل:Plus Ultra
الموضوعات:
الوسوم: إضافة وسم
لا توجد وسوم, كن أول من يضع وسما على هذه التسجيلة!

MARC

LEADER 00000nam a2200000 a 4500
001 UCW7234
003 CL-VaPUC
008 920930e19920000CR |||||||||||||||||spa|d
082 0 4 |a 001.1  |b ALV  |2 21 
100 0 |a Alvarez González, Francisco  |e author  |9 312400 
245 1 4 |a Los intelectuales y sus mitos 
300 |a 224 p 
942 |c BK 
945 |d 19920930 00:00:00 
260 |a San José  |b Universidad Autonoma de Centro América  |c 1992 
650 0 |a Valores (Filosofía)  |9 256541 
650 0 |a Sociología política   |9 255920 
650 0 |a Vida intelectual  |9 265379 
650 0 |a Historia y crítica   |9 257407 
583 |a last modification  |c 19920930 00:00:00  |k Rodrigo Vera 
490 0 |a Plus Ultra 
999 |c 220074  |d 220072 
952 |0 0  |1 0  |4 0  |6 001_100000000000000_ALV_1992  |7 0  |8 P  |9 211833  |a BIBEDU  |b BIBEDU  |c BIBEDU_PB  |d 2019-11-15  |i 2799898  |o 001.1 ALV 1992  |p 2799898  |r 2024-01-25  |w 2019-11-15  |y BK  |k EDU